01590nam a22002897a 4500001000400000003000400004005001700008008004100025020001800066040000800084041001300092082002000105100002100125240003500146245010900181260003500290300001100325520081100336650001901147650001001166650001401176650001301190655001601203655001201219700002201231830004701253456OSt20250703150943.0250703b |||||||j |||| 00| 1 eng d a9788543102894 bpor hengapor aIJ 028.5bB724d aBooks, Herobrine aDiary of a Minecraft zombie #2 aDiário de um zumbi do Minecraft: bParceiros e rivais / cBooks, Herobrine ; Tradução de Ana Ban. aRio de JanierobSextantec2015 a112 p. aA vida de um zumbi no ensino fundamental não é nada fácil. Seu zumbi de Minecraft preferido está de volta! (Falando sério: vai dizer que você conhecia outros?) Se você achava que o Ender Dragon e os golens de ferro eram perigosos, não imagina como é o dia a dia na Escola Monstro. Principalmente quando Mike Magma, o valentão da escola, une forças com Mutante, o aluno novo de 2 metros de altura com o peito do tamanho de uma casa. Nosso amigo zumbi será capaz de deter os valentões? E se conseguir, vai continuar inteiro para contar a história? Junte-se ao nosso herói, sua namorada, Sally Cadáver, e seus amigos Esquely, Slimey e Creepy para a derradeira batalha de suas vidas... uma partida de QUEIMADO! Prepare-se para mais emoção e mais sustos neste segundo volume! 0aInfantojuvenil 0aZumbi 0aMinecraft 0aAventura 0aFicção  0aRomance aAna BaneTradutor aDiário de um Zumbi do Minecraftvvol. 02